00327nam a22001457a 4500003000400000008004100004020001800045082001600063100001900079245002100098250001100119260002200130300000800152650002100160OSt230327b |||||||| |||| 00| 0 eng d a9789353439392 a332.024 KEP aKEOWN,Arthur J aPersonal Finance a8th Ed aUPbPearsonc2020 a624 aPersonal Finance